All FBS Division 1 Football Teams in Texas - Statistics

General Stats
  • This quiz has been taken 805 times
  • The average score is 10 of 12
Answer Stats
Hint School % Correct
Nah Texas
100%
Nah Texas Tech
95%
Nah Texas a&m
90%
Nah TCU
87%
Nah Houston
83%
Nah UTEP
83%
Nah Baylor
82%
Nah UTSA
81%
Nah Texas State
77%
Nah North Texas
76%
Nah SMU
76%
Nah Rice
70%
No matching quizzes found
Score Distribution
Percent of People with Each Score
Percentile by Number Answered
Your Score History
You have not taken this quiz